Normal view
MARC view
Entry Uniform Title
001 - CONTROL NUMBER
- control field: 30078
003 - CONTROL NUMBER IDENTIFIER
- control field: dpl
005 - DATE AND TIME OF LATEST TRANSACTION
- control field: 20110726103917.0
008 - FIXED-LENGTH DATA ELEMENTS
- fixed length control field: 110726|||a|||||| | ||| d
040 ## - CATALOGING SOURCE
- Original cataloging agency: dpl
- Transcribing agency: dpl
130 ## - HEADING--UNIFORM TITLE
- Uniform title: India-the land and the people
670 ## - SOURCE DATA FOUND
- Source citation: Work cat.: (dpl): Raha, Kironmoy 30077, Bengali theatre / , 2007(repr.).
670 ## - SOURCE DATA FOUND
- Source citation: Work cat.: (dpl): Raha, Kironmoy 30077, Bengali theatre / , 2007(repr.).
